| 000 | 01314nam a22002657a 4500 | ||
|---|---|---|---|
| 005 | 20100331161810.0 | ||
| 008 | 100331t xxu||||| |||| 00| 0 eng d | ||
| 010 | _aENG-95368-70 | ||
| 020 |
_a9788131305751 _c2195.00 (Set of 3 V.) |
||
| 035 | _aEN-78901-03 | ||
| 037 | _bDBAD/PUB | ||
| 040 | _aDPL | ||
| 082 | _a375.001 | ||
| 100 | _aSharma, Promila | ||
| 245 |
_aEncyclopaedia of curriculum development/ _cby Promila Sharma |
||
| 260 |
_aNew Delhi _bAPH Publishing Corporation _c2009 |
||
| 300 |
_a3 v. (ix, 286p. ; ix, 284p. ; ix, 304p. ;) _c23 cm. (Hb.) |
||
| 500 | _aincludes index | ||
| 500 | _aIt is a set of 3 vols. and set price is Rs.2195.00 | ||
| 505 | _gV.I- Curriculum development. V.II Curriculum research. V.III Principles of curriculum | ||
| 942 |
_2ddc _cEN _h375.001 _mSHA |
||
| 999 |
_c34975 _d34975 |
||